Statistics for NFL MVP Speedrun

Click here to take the quiz!

General Stats

  • This quiz has been taken 92 times
    (89 since last reset)
  • The average score is 14 of 49

Answer Stats

Answer% Correct
Tom Brady
95%
Aaron Rodgers
89%
Patrick Mahomes
86%
Peyton Manning
80%
Lamar Jackson
60%
Joe Montana
58%
Adrian Peterson
52%
Brett Favre
48%
Jim Taylor
46%
Lawrence Taylor
46%
Barry Sanders
45%
Emmitt Smith
43%
Matt Ryan
40%
Dan Marino
34%
John Elway
34%
Cam Newton
32%
Steve Young
32%
Jim Brown
29%
Larry Brown
29%
Walter Payton
29%
LaDainian Tomlinson
28%
Bart Starr
26%
Terry Bradshaw
26%
Johnny Unitas
22%
Shaun Alexander
22%
Kurt Warner
20%
Marcus Allen
20%
Marshall Faulk
20%
Steve McNair
17%
Rich Gannon
15%
Bert Jones
14%
O.J. Simpson
14%
Thurman Thomas
12%
Alan Page
11%
Earl Campbell
11%
Ken Anderson
11%
Terrell Davis
11%
Boomer Esiason
9%
Fran Tarkenton
9%
Ken Stabler
9%
Brian Sipe
8%
Joe Theissmann
8%
Earl Morrall
6%
Norm Van Brocklin
6%
Mark Mosley
5%
Y.A. Tittle
5%
John Brodie
3%
Paul Hornung
3%
Roman Gabriel
2%

Score Distribution

Percentile by Number Answered

Percent of People with Each Score

Your Score History

You have not taken this quiz since the last reset